| 000 | 00801nam a22002177a 4500 | ||
|---|---|---|---|
| 999 |
_c160866 _d160866 |
||
| 005 | 20190218154512.0 | ||
| 010 | _aB-713079 | ||
| 020 |
_a9789381626344 _c399.00 |
||
| 035 | _aB-713079 | ||
| 037 | _bPansy Books | ||
| 082 | _aN | ||
| 100 | _aAmish | ||
| 245 |
_aThe secret of the Nagas : _cby Amish _bbook-2 of the Shiva Trilogy/ |
||
| 260 |
_aChennai _bWestland Publications _c2018 |
||
| 270 |
_a61, II Floor, Silverline Building, Alapakkam Main Road, Maduravoyal, _bChennai _e600095 |
||
| 300 |
_a371p. _c20cm.(pbk) |
||
| 490 | _aShiva trilogy 2 | ||
| 500 | _aIncludes glossary | ||
| 942 |
_2ddc _cEN _mAMI _hN |
||